| 000 | 02431cam a22004574i 4500 | ||
|---|---|---|---|
| 003 | PE-LiUPU | ||
| 005 | 20250731173356.0 | ||
| 008 | 150706s2010 cl r 000 0 spa d | ||
| 020 | _a0789917858 | ||
| 035 | _a(Sirsi) i9780789917850 | ||
| 040 |
_aPE-LiUPU _bspa _cPE-LiUPU _erda |
||
| 049 | _aPRUA | ||
| 082 | 0 | 4 |
_a248.5 _bV54 _221 |
| 100 | 1 |
_aVerwer, Jorge, _eautor. |
|
| 245 | 1 | 0 |
_aGotas de un corazón quebrantado / _cJorge Verwer. |
| 264 | 1 |
_aColombia : _bEditorial Unilit, _c2010. |
|
| 300 |
_a192 páginas ; _c21 centímetros |
||
| 336 |
_atext _2rdacontent |
||
| 337 |
_aunmediated _2rdamedia |
||
| 338 |
_avolume _2rdacarrier |
||
| 505 | 0 | _aOperación movilización: los inicios -- La aceptación del dolor -- El fracaso, la puerta trasera del éxito -- Urbana 1968 -- Una gran transición -- Continúa la revolución del amor -- Siete énfasis principales -- Algunas convicciones más -- Siete azotes mundiales -- Un desdichado como yo -- Algunas verdades muy básicas -- Diez retos en las misiones -- Los peligros de la lengua -- Acciones y reacciones -- Una estrategia de veinticinco puntos para vencer la lujuria -- Amateurismo contra profesionalismo -- La revolución del equilibrio -- Palabras de aliento para los que han servido -- Ahora que estoy en mi tierra -- ¿Qué les pasó a las reuniones de oración? -- ¡La dirección de reuniones de oración! -- ¿Denominaciones o denominacionalismo? -- El enfrentamiento con la realidad -- Crecimiento espiritual a la manera de Dios -- Lo que motiva a los obreros su abandono del campo -- El cuidado del equilibrio realidad-gracia-acción. | |
| 526 | _aSEG42 | ||
| 526 | _aSEG41 | ||
| 526 | _aSEG40 | ||
| 526 | _aSEG39 | ||
| 526 | _aP94 | ||
| 526 | _aP87 | ||
| 526 | _aP86 | ||
| 526 | _aP85 | ||
| 526 | _aP77 | ||
| 526 | _aP76 | ||
| 526 | _aP35 | ||
| 650 | 0 | 4 | _aVida cristiana. |
| 910 |
_agl _bjck _d20101110 |
||
| 942 |
_2ddc _cBOOK |
||
| 949 |
_a248.5 V54 _wDEWEY _c1 _i62295 _d2016-9-18 _e2016-9-15 _lCCODEBUL1 _mBUL _n4 _p9.00 _r0 _sY _tBOOK _u2015-7-6 _xTEOLOGIA _zUNKNOWN _0COMPRA _o.STAFF. Colección Teología |
||
| 994 |
_aC0 _bPEPRU |
||
| 596 | _a1 | ||
| 999 |
_a248.5 V54 _wDEWEY _c51365 _i62295 _d51365 _e2016-9-15 _f2021-11-12 _g5 _lCCODEBUL1 _mBUL _n4 _p9.00 _r0 _sY _tBOOK _u2015-7-6 _xTEOLOGIA _PP35 _0COMPRA _o.STAFF. Colección Teología |
||
| 980 |
_81 _gALBERTO SANCHEZ Responsable de Automatización |
||